Pene, maschile plurale /

Sparad:
Bibliografiska uppgifter
Huvudupphov: Passoni, Diego (Författare, medförfattare), Macchione, Nicola (Författare, medförfattare)
Materialtyp: Bok
Språk:italienska
Utgiven: Milano : Fabbri, 2024
Taggar: Lägg till en tagg
Inga taggar, Lägg till första taggen!

MARC

LEADER 00000nam a22000007i 4500
001 IT\ICCU\RT1\0193409
003 ItRI
005 20250101141645.0
008 240605s2024 it |||||| |||||0|||||c
020 |a 9788891596536 
040 |b ita  |c Arcigay Genova 
041 7 |a ita  |2 ISO-639-2 
100 1 |a Passoni, Diego  |0 IT\ICCU\MILV\352920  |4 aut 
240 1 0 |a Pene, maschile plurale  |9 Passoni, Diego 
245 1 0 |a Pene, maschile plurale /  |c Diego Passoni, Nicola Macchione. 
260 |a Milano :  |b Fabbri,  |c 2024 
300 |a 141 p. ;  |c 19 cm. 
700 1 |a Macchione, Nicola  |0 IT\ICCU\MILV\401030  |4 aut 
942 |2 ddc  |c BK 
952 |0 0  |1 0  |2 ddc  |4 0  |6 305_310000000000000_PAS_PEN  |7 1  |9 2643  |a GE  |b GE  |d 2025-01-01  |l 0  |o 305.31 PAS PEN  |p 1343  |r 2025-01-01 14:18:25  |w 2025-01-01  |y BK  |z Autografato dagli autori 
981 1 |6 z01  |a i   |b xxxe  
982 1 |6 z01  |a n 
999 |c 2278  |d 2278